01004nam a22002775i 4500999001700000003000900017005001700026008004100043020001500084040004300099082002000142100003800162245004700200264003300247300004500280336002600325337002800351338002700379504005100406600003800457650005500495651001000550653002700560942001200587952012700599 c10018d10018EG-ScBUE20201108125250.0200219s1992 enk f b 001 0beng d a0091777077 aEG-ScBUEbengerdacEG-ScBUEdEG-ScBUE04a813.52bFER2221 aFerguson, Robert,d1948-eauthor.10aHenry Miller :ba life /cRobert Ferguson. 1aLondon :bHutchinson,c1992. axvi, 397 pages :billustrations ;c25 cm atextbtxt2rdacontent aunmediatedbn2rdamedia avolumebnc2rdacarrier aIncludes bibliographical references and index.17aMiller, Henry,d1891-1980.2BUEsh 7aAuthors, Americany20th centuryxBiography.2BUEsh 2BUEsh bHHUUEENNcNovember2020 cBB2ddc 00102ddc40708BaccahaMAINbMAINc2NDd2008-07-27ePurchaseo813.52 FERp000013454r2025-07-15 00:00:00w2008-07-27yBB